Guess the Taylor Swift Song with No Hints - 9 - Statistics

General Stats
  • This quiz has been taken 52 times
  • The average score is 227 of 349
Answer Stats
Answer % Correct
a
98%
I
98%
the
98%
we
95%
We
95%
be
93%
in
93%
it
93%
It
93%
me
93%
My
93%
my
93%
to
93%
To
93%
All
90%
all
90%
And
90%
and
90%
of
90%
you
90%
You
90%
your
88%
Your
88%
on
86%
that
86%
That
86%
was
86%
were
86%
we're
86%
no
83%
But
81%
is
81%
it's
81%
like
81%
for
79%
go
79%
not
76%
at
74%
can
74%
did
74%
I'd
74%
as
71%
her
71%
If
71%
with
71%
night
69%
never
67%
So
67%
so
67%
up
67%
would
67%
been
64%
off
64%
one
64%
said
64%
Say
64%
back
62%
have
62%
that's
62%
Great
60%
great
60%
over
60%
War
60%
war,
60%
war
60%
down,
57%
down
57%
from
57%
will
57%
Always
55%
always
55%
'Cause
55%
hand
55%
reached
55%
thought
55%
yours
55%
got
52%
Looked
52%
really
52%
some
52%
throughout
52%
took
52%
blue,
50%
clover
50%
crimson
50%
cry
50%
more
50%
survived
50%
bloodshed,
48%
dream
48%
hair
48%
lost
48%
place
48%
something
48%
things
48%
anymore
45%
bigger
45%
called
45%
fight
45%
good
45%
haze,
45%
truth
45%
wasn't
45%
alone
43%
close
43%
come
43%
fire
43%
into
43%
knuckles
43%
maybe
43%
Maybe
43%
nearly
43%
poison
43%
remember
43%
sense
43%
There's
43%
turned
43%
violets
43%
battle
40%
betrayed
40%
bruised
40%
desire,
40%
ground
40%
letter
40%
pin
40%
playing
40%
punching
40%
Somewhere
40%
sweet
40%
talked
40%
tears
40%
underground
40%
vowed
40%
walls,
40%
cursed
38%
diesel
38%
drank
38%
drew
38%
fair
38%
faith
38%
honor
38%
justified
38%
memory
38%
plant
38%
poppy
38%
Screamin'
38%
Sucker
38%
trust
38%
Uh-huh,
38%
Uh-huh
38%
blur
36%
Broken
36%
ego
36%
Flashes
36%
freely
36%
garden
36%
past
36%
punish
36%
silence
36%
sleep-
36%
Tellin'
36%
treaties
36%
banners
33%
better
33%
closed,
33%
curtains
33%
glory,
33%
icy
33%
morning
33%
prayer,
33%
Soldier
33%
solemn
33%
Spineless
33%
talkin'
33%
tomb
33%
Tore
33%
troops
33%
worst
33%
bombs
31%
crypt
31%
finger
31%
burning
29%
embers
29%
triggers
29%
burned
24%
swimming
2%
No matching quizzes found
Score Distribution
Percent of People with Each Score
Percentile by Number Answered
Your Score History
You have not taken this quiz